Culture Générale - Série 2353 - Statistiques

Statistiques générales
  • Ce quiz a été pris 115 fois
  • Le résultat moyen est 4 sur 10
Statistiques - réponses
Question Réponse % Correct
Complétez le titre du roman de Gustave Flaubert : "L'éducation ... sentimentale
80%
Cette capitale de l'Oregon (Etats Unis) est associée aux sorcières Salem
79%
Quel animal est le remora ? poisson
63%
Quel autre nom donne-t-on à la licorne des mers ? narval
55%
Dans quelle ville du Vaucluse ont lieu chaque année "Les chorégies" ? voir photo Orange
46%
A Pierrelatte (26), vous pouvez visiter le parc zoologique appelé "la ferme aux ... crocodiles
29%
Complétez le titre du film réalisé en 1966 par Jean-Paul Le Chanois avec Jean Gabin dans le rôle du Père Tulipe, faux-monnayeur à ses heures : "Le jardinier d'... Argenteuil
10%
On dit de quelqu'un qui a visage triste et pâle, qu'il a une "face de ... carême
9%
Petite gourmandise en forme de chardon incontournable dans la cité des papes papaline
8%
Autrefois c'était une mesure pour les grains (entre 150 et 300 litres) - anagramme de "sertie" setier
6%
Aucun quiz correspondant
Distribution des résultats
% des personnes avec chaque résultat
Percentile par nombre de réponses
Votre historique - résultats
Vous n’avez pas pris ce quiz